000 01187aam a2200325 i 4500
999 _c45958
_d45958
001 768714001
003 CO-MdFUSB
005 20201023181301.0
007 ta
008 200515t1924 enk |||| |||| 00| 0 eng d
020 _a[No incluye ISBN]
040 _bspa.
_aCO-MdFUSB
_cCO-MdFUSB
_dCO-MdFUSBC
_erda
041 _aeng
082 _223
_a229.92
_bJ284
100 1 _aJames, Montague Rhodes
_eautor
245 1 4 _aThe apocryphal New Testament :
_bbeing the apocryphal gospels, acts epistles, and apocalypses
_c/ Montague Rhodes James
264 1 _aOxford, Inglaterra :
_bThe Clarendon Press,
_c[1924]
264 4 _c© 1924
300 _axxxi, 584 páginas
_c; 20 cm
336 _atexto
_btxt
_2rdacontent
337 _2rdamedia
_asin mediación
_bn
338 _2rdacarrier
_avolumen
_bnc
505 _aFragmentos de los primeros evangelios - Libros heréticos perdidos - Agrapha - Evangelios de la infancia - Evangelios de la pasión - Hechos - Los hechos secundarios - Epístolas - Apocalipsis
563 _aPasta dura
630 0 7 _aBiblia.
_pApócrifos
630 0 7 _aBiblia.
_pNuevo Testamento
_vApócrifos.
942 _cBK
945 _aJTF-925